00390nam a2200121Ia 4500008004000000020001800040082001700058100002500075245003100100260005300131300000800184650007600192210210b2001 xxu||||| |||| 00| 0 eng d a81 7156 585 9 a820.109 CHIF aCHINDHADE (Shirish). aFive indian english poets. aN DbAtlantic Publishers And Distributors.c2001 a166 aNissim Ezekiel Ramanujan A K Arun Kolatkar Dilip Chitre Parthasarathy R